000 00834cam a2200253 a 4500
001 000004982
005 20200929151541.0
008 980227s1997 ve 001 0 spa
020 _a9800109900
020 _a9802371432
040 _aDO-SdBNP
_cDLC
_dDLC
082 _aV868.993
_bL864, 1997
100 1 _aLópez Ortega, Antonio,
_d1957-
_914384
245 1 0 _aCalendario y otros textos /
_cAntonio López Ortega.
250 _a2a ed., corr. y aum.
260 _aCaracas :
_bMonte Ávila Latinoamericana :
_bEquinoccio, Ediciones de la Universidad Simón Bolivar,
_c1997.
300 _a227 p. ;
_c20 cm.
440 0 _aContinentes
_95341
440 0 _aMuseo de Bellas Artes.
_914385
650 4 _aLiteratura venezolana
_93816
650 4 _aLiteratura latinoamericana
_94717
910 _aCatalogación por copia / LC
910 _aWM
999 _c4788
_d4788